Loading...
| Religion | 0 | 5 | 2 | 0 | 40 | 79 | 107.80 | 2 | 4 | 0.00 | 0.00 |
| History - Other | 0 | 4 | 1 | 1 | 35 | 91 | 101.00 | 3 | 4 | 0.00 | 0.00 |
| History - European | 0 | 4 | 2 | 0 | 30 | 88 | 96.00 | 1 | 4 | 0.00 | 0.00 |
| Science - Other | 0 | 3 | 0 | 0 | 30 | 94 | 100.00 | 0 | 3 | 0.00 | 0.00 |
| Philosophy | 0 | 3 | 1 | 0 | 25 | 48 | 102.00 | 1 | 3 | 0.00 | 0.00 |
| History - American | 0 | 2 | 1 | 0 | 15 | 79 | 91.00 | 0 | 2 | 0.00 | 0.00 |
| History - World | 0 | 2 | 2 | 0 | 10 | 84 | 86.00 | 1 | 2 | 0.00 | 0.00 |
| Social Science | 0 | 1 | 1 | 0 | 5 | 110 | 110.00 | 0 | 1 | 0.00 | 0.00 |
| Mythology | 0 | 1 | 1 | 0 | 5 | 106 | 106.00 | 0 | 0 | 0.00 | 0.00 |
| Other Academic | 0 | 1 | 1 | 0 | 5 | 134 | 134.00 | 0 | 1 | 0.00 | 0.00 |
| Science - Biology | 0 | 0 | 0 | 0 | 0 | 0.00 | 0 | 0 | 0.00 | 0.00 | |
| Science - Physics | 0 | 0 | 0 | 0 | 0 | 0.00 | 0 | 0 | 0.00 | 0.00 | |
| Science - Chemistry | 0 | 0 | 1 | 0 | -5 | 0.00 | 0 | 0 | 0.00 | 0.00 | |
| Literature - British | 0 | 0 | 1 | 0 | -5 | 0.00 | 0 | 0 | 0.00 | 0.00 | |
| Fine Arts - Classical Music | 0 | 0 | 1 | 0 | -5 | 0.00 | 0 | 0 | 0.00 | 0.00 |